000 00634nam a2200193 ar4500
001 2528
005 20221127090504.0
008 110404 xxk a 00010 eng d
020 _a9781408258019
082 0 4 _a428.2407
_bM785 2002
100 1 _aMoor, Peter.
245 1 0 _aCutting edge.
_pStarter.
_pWorkbook /
_cPeter Moor, Chris Redston.
260 _aHarlow, England :
_bPearson/Longman,
_c2002.
300 _a72 p. :
_bill. ;
_c30 cm.
650 4 _aEnglish language
_xStudy and teaching.
650 4 _aEnglish language
_vTextbooks for foreign speakers.
650 4 _aEnglish language
_vTextbooks.
700 0 _aRedston, Chris,
_ejt. auth.
999 _c2526
_d2526